| 000 | 00417nam a2200181Ia 4500 | ||
|---|---|---|---|
| 008 | 210210b2000 xxu||||| |||| 00| 0 eng d | ||
| 082 | _a657.42 ADIC | ||
| 100 | _aADIGA (K S) | ||
| 245 | _aCost accounting V2 | ||
| 260 |
_aUdupi. _bShubha Prakashana., _c2000 |
||
| 300 | _a1-18, Q-15 | ||
| 440 | _a2 | ||
| 650 | _aV2 | ||
| 650 | _aCost | ||
| 650 | _aaccounting | ||
| 690 | _aCost Accounting | ||
| 906 | _a057299 | ||
| 999 |
_c104859 _d104859 |
||